[Event "56. Grecia ch"]
[Site "Salonica GRE"]
[Date "2006.12.02"]
[Round "6.4"]
[White "Kotrotsos, Vasilios"]
[Black "Mastrovasilis, Dimitrios"]
[Result "1/2-1/2"]
[WhiteElo "2276"]
[BlackElo "2562"]
[PlyCount "222"]
[EventDate "2006.11.27"]
[EventType "tourn"]
[EventRounds "9"]
[EventCountry "GRE"]
[EventCategory "9"]
[Source "lmi"]
[SourceDate "2006.11.27"]

1. e4 c5 2. Nf3 e6 3. c4 Nc6 4. Nc3 e5 5. Be2 g6 6. O-O Bg7 7. a3 Nge7 8. Rb1
a5 9. Nd5 O-O 10. d3 d6 11. Ne1 a4 12. Nc2 Nxd5 13. exd5 Na5 14. Na1 Bd7 15.
Bd2 Qc7 16. b4 axb3 17. Nxb3 Ba4 18. Bxa5 Rxa5 19. Qc1 Ra6 20. Nd2 f5 21. Nf3
h6 22. Bd1 Bd7 23. Rb3 Ba4 24. Rb1 Bd7 25. Rb3 Rfa8 26. Qb1 b6 27. Nd2 Kh7 28.
g3 Ba4 29. Rb2 Bxd1 30. Rxd1 Rxa3 31. Rb3 Ra2 32. Nf1 R8a6 33. Rb5 Qa7 34. Ne3
Ra1 35. Qb3 f4 36. Nf1 Qd7 37. Rb1 e4 38. dxe4 R6a3 39. Qd1 Qh3 40. Rxa1 Rxa1
41. Rb1 Ra3 42. Rb3 Ra1 43. Rb1 fxg3 44. Rxa1 gxf2+ 45. Kxf2 Qh4+ 46. Ke3 Qh3+
47. Ke2 Qg2+ 48. Kd3 b5 49. Rc1 b4 50. Qe2 Qg5 51. Qe3 Qe5 52. Nd2 Qb2 53. Rb1
Qa2 54. Ke2 h5 55. Qb3 Qa7 56. Rg1 Bc3 57. Nf3 Qe7 58. Qc2 Qf6 59. Qa4 Qe7 60.
Ng5+ Kh6 61. Qa8 Bd4 62. Qg8 Bxg1 63. Nf7+ Qxf7 64. Qxf7 Bxh2 65. Kf3 Be5 66.
Qf8+ Kh7 67. Qe7+ Kh6 68. Qf8+ Kh7 69. Qb8 Kh6 70. Kg2 Kg7 71. Kh3 Kf7 72. Qb7+
Kg8 73. Kh4 Bf6+ 74. Kg3 Be5+ 75. Kf3 Bh2 76. Ke3 Be5 77. Kd3 Bg3 78. Kc2 Be5
79. Kb3 Bf4 80. Ka4 Be5 81. Ka5 Kf8 82. Ka4 Kg8 83. Ka5 Kf8 84. Ka6 Ke8 85.
Qc8+ Kf7 86. Qh3 Kg7 87. Kb5 Kh6 88. Qe3+ g5 89. Kc6 Kg6 90. Kd7 g4 91. Ke6 g3
92. Qf3 Kg5 93. Kf7 b3 94. Qxb3 g2 95. Qd1 Kf4 96. Ke6 h4 97. Qd2+ Kf3 98. Qd3+
Kf2 99. Qd2+ Kf3 100. Qd3+ Kf2 101. Qd2+ Kg3 102. Qe1+ Kg4 103. Qd1+ Kf4 104.
Qd2+ Kg3 105. Qe1+ Kh3 106. Kf5 Bd4 107. e5 Bxe5 108. Kg5 Bg3 109. Qg1 Bh2 110.
Qe3+ Bg3 111. Qg1 Bh2 1/2-1/2

[Event "56. Grecia ch"]
[Site "Salonica GRE"]
[Date "2006.12.02"]
[Round "6.5"]
[White "Mastrovasilis, Athanasios"]
[Black "Banikas, Hristos"]
[Result "1/2-1/2"]
[WhiteElo "2533"]
[BlackElo "2568"]
[PlyCount "82"]
[EventDate "2006.11.27"]
[EventType "tourn"]
[EventRounds "9"]
[EventCountry "GRE"]
[EventCategory "9"]
[Source "lmi"]
[SourceDate "2006.11.27"]

1. c4 g6 2. Nc3 c5 3. g3 Bg7 4. Bg2 Nc6 5. Nf3 e5 6. O-O Nge7 7. Ne1 d6 8. Nc2
Be6 9. Ne3 Qd7 10. Ned5 O-O 11. d3 Bh3 12. Ne4 Nxd5 13. Bxh3 Qxh3 14. cxd5 Ne7
15. Qb3 Qd7 16. a4 Rae8 17. Bd2 Kh8 18. Qb5 Qc7 19. b4 f5 20. Nc3 Nc8 21. a5 e4
22. Rac1 exd3 23. exd3 a6 24. Qc4 Qd7 25. Rfe1 Rxe1+ 26. Rxe1 b5 27. axb6 Nxb6
28. Qb3 Qc7 29. bxc5 Qxc5 30. Rc1 Nd7 31. Ne4 Qb6 32. Qxb6 Nxb6 33. Nxd6 Nxd5
34. Rc5 Nf6 35. Ra5 Ra8 36. Nb7 Ng4 37. Be3 Nxe3 38. fxe3 Bh6 39. Kf2 Re8 40.
e4 fxe4 41. dxe4 Rxe4 1/2-1/2

[Event "56. Grecia ch"]
[Site "Salonica GRE"]
[Date "2006.12.03"]
[Round "7.1"]
[White "Karayannis, Athanasios"]
[Black "Kotrotsos, Vasilios"]
[Result "0-1"]
[WhiteElo "2361"]
[BlackElo "2276"]
[PlyCount "68"]
[EventDate "2006.11.27"]
[EventType "tourn"]
[EventRounds "9"]
[EventCountry "GRE"]
[EventCategory "9"]
[Source "lmi"]
[SourceDate "2006.11.27"]

1. d4 g6 2. h4 h5 3. Nc3 Bg7 4. e4 c5 5. d5 d6 6. Be2 Nf6 7. Nh3 Na6 8. Ng5 Nc7
9. Bf4 O-O 10. a4 b6 11. Bf3 Bg4 12. Qd2 Bxf3 13. Nxf3 a6 14. Bh6 b5 15. Bxg7
Kxg7 16. Ng5 Qd7 17. f3 Rfb8 18. a5 Re8 19. O-O Rad8 20. Rad1 b4 21. Ne2 e6 22.
dxe6 fxe6 23. c4 bxc3 24. bxc3 d5 25. e5 Nh7 26. Rb1 Rb8 27. Rb6 Rxb6 28. axb6
Nb5 29. c4 Na3 30. cxd5 Qxd5 31. Qa5 Nc4 32. Qxa6 Nxg5 33. Qa7+ Nf7 34. f4 Ne3
0-1

[Event "56. Grecia ch"]
[Site "Salonica GRE"]
[Date "2006.12.03"]
[Round "7.2"]
[White "Banikas, Hristos"]
[Black "Goritsas, Christos"]
[Result "1-0"]
[WhiteElo "2568"]
[BlackElo "2289"]
[PlyCount "135"]
[EventDate "2006.11.27"]
[EventType "tourn"]
[EventRounds "9"]
[EventCountry "GRE"]
[EventCategory "9"]
[Source "lmi"]
[SourceDate "2006.11.27"]

1. d4 Nf6 2. c4 e6 3. Nf3 Bb4+ 4. Bd2 Qe7 5. g3 Nc6 6. Nc3 Bxc3 7. Bxc3 Ne4 8.
Rc1 O-O 9. Bg2 d6 10. Qc2 Nxc3 11. Qxc3 a5 12. a3 a4 13. d5 Nb8 14. dxe6 fxe6
15. c5 d5 16. e4 dxe4 17. Nd2 e5 18. Bxe4 Nc6 19. O-O Kh8 20. Bxc6 bxc6 21.
Rfe1 Qf7 22. f3 Be6 23. Rxe5 Bd5 24. Rce1 Rae8 25. Rxe8 Rxe8 26. Rxe8+ Qxe8 27.
Kf2 h6 28. Qd4 Qh5 29. h4 Qf5 30. Qxa4 Qh3 31. Qf4 Qh2+ 32. Kf1 Qh1+ 33. Ke2
Qg2+ 34. Kd3 Qg1 35. Qxc7 Qxc5 36. Qe5 Qb5+ 37. Ke3 Qc5+ 38. Ke2 Qg1 39. g4
Qg2+ 40. Ke3 Qh1 41. Qb8+ Kh7 42. h5 Qe1+ 43. Kd3 Qd1 44. Qf4 Qc1 45. Qe5 Qd1
46. b4 Qc1 47. Qc3 Qd1 48. Kd4 Qg1+ 49. Qe3 Qc1 50. Ne4 Qc4+ 51. Ke5 Qb5 52.
Nd6 Qb8 53. b5 Qd8 54. Qd3+ Kg8 55. bxc6 Ba2 56. Kf4 Qc7 57. Kg3 Qxc6 58. Nf5
Qb6 59. Qe3 Qb8+ 60. Kh3 Qf8 61. Qe7 Qxe7 62. Nxe7+ Kf7 63. Nf5 Bb3 64. Kg3 Kf6
65. Kf4 Bd1 66. Nd6 Bc2 67. Ne4+ Ke6 68. a4 1-0

[Event "56. Grecia ch"]
[Site "Salonica GRE"]
[Date "2006.12.03"]
[Round "7.3"]
[White "Mastrovasilis, Dimitrios"]
[Black "Kapnisis, Spyridon"]
[Result "1/2-1/2"]
[WhiteElo "2562"]
[BlackElo "2421"]
[PlyCount "109"]
[EventDate "2006.11.27"]
[EventType "tourn"]
[EventRounds "9"]
[EventCountry "GRE"]
[EventCategory "9"]
[Source "lmi"]
[SourceDate "2006.11.27"]

1. e4 e5 2. Nf3 Nc6 3. Bb5 a6 4. Ba4 Nf6 5. O-O Bc5 6. c3 b5 7. Bb3 d6 8. a4
Bg4 9. h3 Bxf3 10. Qxf3 Na5 11. Bc2 b4 12. Qd1 Qb8 13. d4 b3 14. dxc5 bxc2 15.
Qxc2 Nb3 16. Ra3 Nxc5 17. Nd2 a5 18. Re1 Qb7 19. f3 O-O 20. Nc4 Rfe8 21. Be3
Qc6 22. b4 axb4 23. cxb4 Nxa4 24. Rc1 Nb6 25. Na5 Qxc2 26. Rxc2 Rec8 27. Rc6 d5
28. Bg5 Nfd7 29. Rac3 d4 30. Rc1 Nf8 31. Rxc7 Ne6 32. Rxc8+ Rxc8 33. Rxc8+ Nxc8
34. Bd2 Nd6 35. Kf1 Kf8 36. Ke2 Ke8 37. Kd3 f6 38. Nc4 Nb5 39. Nb6 Nd6 40. Nc4
Nb5 41. g3 g5 42. Nb6 Nd6 43. Nc4 Nb5 44. Kc2 h5 45. Kb3 d3 46. Be3 Ned4+ 47.
Bxd4 Nxd4+ 48. Kc3 Nxf3 49. Kxd3 h4 50. gxh4 gxh4 51. Nd6+ Kd7 52. Nf5 Kc6 53.
Kc4 Nd2+ 54. Kd3 Nf3 55. Kc4 1/2-1/2

[Event "56. Grecia ch"]
[Site "Salonica GRE"]
[Date "2006.12.03"]
[Round "7.4"]
[White "Nikolaidis, Ioannis"]
[Black "Skembris, Spyridon"]
[Result "0-1"]
[WhiteElo "2536"]
[BlackElo "2455"]
[PlyCount "122"]
[EventDate "2006.11.27"]
[EventType "tourn"]
[EventRounds "9"]
[EventCountry "GRE"]
[EventCategory "9"]
[Source "lmi"]
[SourceDate "2006.11.27"]

1. d4 Nf6 2. c4 e6 3. Nf3 d5 4. Bg5 h6 5. Bxf6 Qxf6 6. Nc3 c6 7. a3 Nd7 8. e4
dxe4 9. Nxe4 Qf4 10. Bd3 Be7 11. O-O O-O 12. Re1 Rd8 13. Qe2 b6 14. g3 Qc7 15.
d5 Nf8 16. Nc3 cxd5 17. cxd5 Bb7 18. Rac1 Qd6 19. Bc4 Rac8 20. Nb5 Qb8 21. dxe6
f6 22. Nbd4 g6 23. Bd3 f5 24. Bxf5 Rxc1 25. Rxc1 Bxf3 26. Qxf3 Rxd4 27. Bxg6
Nxg6 28. Qf7+ Kh8 29. Qxg6 Qf8 30. b4 Rd2 31. Rc8 Bd8 32. f4 Qg7 33. Qxg7+ Kxg7
34. f5 Kf6 35. g4 a5 36. h3 axb4 37. axb4 Be7 38. b5 Rb2 39. Rg8 Rxb5 40. Kg2
Ke5 41. Rg7 Rb2+ 42. Kf3 Rb3+ 43. Kg2 Rb2+ 44. Kf1 Kd6 45. Rf7 Bg5 46. Rd7+ Kc6
47. Rh7 Rh2 48. f6 Bxf6 49. Rxh6 Be7 50. g5 Bc5 51. h4 b5 52. g6 Rf2+ 53. Ke1
Rg2 54. h5 b4 55. Rh8 b3 56. Rc8+ Kd6 57. Rb8 b2 58. Kd1 Bd4 59. h6 Rxg6 60.
Kc2 Rxh6 61. Rd8+ Ke5 0-1

[Event "56. Grecia ch"]
[Site "Salonica GRE"]
[Date "2006.12.03"]
[Round "7.5"]
[White "Kotronias, Vasilios"]
[Black "Mastrovasilis, Athanasios"]
[Result "1-0"]
[WhiteElo "2587"]
[BlackElo "2533"]
[PlyCount "95"]
[EventDate "2006.11.27"]
[EventType "tourn"]
[EventRounds "9"]
[EventCountry "GRE"]
[EventCategory "9"]
[Source "lmi"]
[SourceDate "2006.11.27"]

1. e4 e5 2. Nf3 Nc6 3. Bb5 Nf6 4. O-O Nxe4 5. d4 Nd6 6. Bxc6 dxc6 7. dxe5 Nf5
8. Qxd8+ Kxd8 9. Nc3 Ke8 10. h3 Be7 11. Bg5 Bxg5 12. Nxg5 h6 13. Nf3 h5 14. Ne2
Ke7 15. Nf4 a5 16. Rfd1 h4 17. Ng5 Re8 18. Rd3 Nh6 19. Re1 Bf5 20. Rc3 Kf8 21.
Nf3 Bh7 22. Rc5 Rad8 23. c3 a4 24. e6 f6 25. e7+ Rxe7 26. Ne6+ Rxe6 27. Rxe6
Bg8 28. Re2 Bxa2 29. Nxh4 Kf7 30. Nf3 Bd5 31. Rd2 Ra8 32. Rdxd5 cxd5 33. Rxc7+
Kg6 34. Rxb7 Nf5 35. Rd7 a3 36. bxa3 Rxa3 37. g4 Nh6 38. Nd4 Rxc3 39. Ne6 f5
40. g5 Nf7 41. Nf8+ Kxg5 42. Rxf7 Rxh3 43. Ne6+ Kg6 44. Rxg7+ Kf6 45. Rg6+ Kxg6
46. Nf4+ Kf6 47. Nxh3 Ke5 48. Kf1 1-0

[Event "56. Grecia ch"]
[Site "Salonica GRE"]
[Date "2006.12.04"]
[Round "8.1"]
[White "Karayannis, Athanasios"]
[Black "Banikas, Hristos"]
[Result "0-1"]
[WhiteElo "2361"]
[BlackElo "2568"]
[PlyCount "72"]
[EventDate "2006.11.27"]
[EventType "tourn"]
[EventRounds "9"]
[EventCountry "GRE"]
[EventCategory "9"]
[Source "lmi"]
[SourceDate "2006.11.27"]

1. b3 e5 2. Bb2 Nc6 3. e3 Nf6 4. Bb5 Bd6 5. Na3 Na5 6. Nc4 Nxc4 7. Bxc4 c6 8.
Nf3 Qe7 9. d4 e4 10. Ne5 O-O 11. a4 Bc7 12. h3 d6 13. Ng4 Nd7 14. f4 Qh4+ 15.
Kf1 Nb6 16. Qe1 Qxe1+ 17. Kxe1 Nxc4 18. bxc4 Be6 19. c5 f5 20. Nf2 dxc5 21.
dxc5 Rfd8 22. Rd1 Ba5+ 23. Kf1 Rxd1+ 24. Nxd1 Rd8 25. Bd4 b6 26. Kf2 bxc5 27.
Bxc5 Rd2+ 28. Kg3 a6 29. Nf2 Rxc2 30. Bd4 c5 31. Be5 Re2 32. Rb1 Be1 33. Rb8+
Kf7 34. Rb7+ Ke8 35. Bd6 Bxf2+ 36. Kh2 Bd7 0-1

[Event "56. Grecia ch"]
[Site "Salonica GRE"]
[Date "2006.12.04"]
[Round "8.2"]
[White "Kotrotsos, Vasilios"]
[Black "Kapnisis, Spyridon"]
[Result "1/2-1/2"]
[WhiteElo "2276"]
[BlackElo "2421"]
[PlyCount "30"]
[EventDate "2006.11.27"]
[EventType "tourn"]
[EventRounds "9"]
[EventCountry "GRE"]
[EventCategory "9"]
[Source "lmi"]
[SourceDate "2006.11.27"]

1. e4 e5 2. Nf3 Nc6 3. Nc3 Nf6 4. g3 d5 5. exd5 Nxd5 6. Bg2 Nde7 7. O-O Nf5 8.
Re1 f6 9. d3 Be7 10. Ne4 Be6 11. c3 Qd7 12. b4 a6 13. a4 O-O 14. Qe2 Bf7 15. h3
b6 1/2-1/2

[Event "56. Grecia ch"]
[Site "Salonica GRE"]
[Date "2006.12.04"]
[Round "8.3"]
[White "Mastrovasilis, Athanasios"]
[Black "Nikolaidis, Ioannis"]
[Result "1-0"]
[WhiteElo "2533"]
[BlackElo "2536"]
[PlyCount "83"]
[EventDate "2006.11.27"]
[EventType "tourn"]
[EventRounds "9"]
[EventCountry "GRE"]
[EventCategory "9"]
[Source "lmi"]
[SourceDate "2006.11.27"]

1. d4 Nf6 2. Nf3 e6 3. c4 b6 4. Nc3 Bb7 5. Bg5 h6 6. Bh4 Be7 7. Qc2 d6 8. e4 c5
9. d5 exd5 10. exd5 O-O 11. Bg3 Nh5 12. Bd3 Na6 13. a3 Nc7 14. O-O Bc8 15. Nd2
f5 16. Be2 Nf6 17. Rae1 Bd7 18. f4 Rf7 19. h3 g6 20. Nf3 Nh5 21. Bh2 Bf6 22.
Ne5 dxe5 23. fxe5 Bh4 24. Bxh5 Bxe1 25. Rxe1 Qh4 26. Re2 gxh5 27. e6 Bxe6 28.
dxe6 Nxe6 29. Rxe6 Qxc4 30. Qe2 Qxe2 31. Nxe2 Rd8 32. Be5 Rdd7 33. Bf6 Kh7 34.
Nf4 h4 35. Kf2 Rd2+ 36. Kf3 Rd1 37. Bc3 Rd8 38. Ng6 Rg8 39. Nxh4 f4 40. Kf2 Rd8
41. Nf3 Rd1 42. Re8 1-0

[Event "56. Grecia ch"]
[Site "Salonica GRE"]
[Date "2006.12.04"]
[Round "8.4"]
[White "Skembris, Spyridon"]
[Black "Mastrovasilis, Dimitrios"]
[Result "1/2-1/2"]
[WhiteElo "2455"]
[BlackElo "2562"]
[PlyCount "40"]
[EventDate "2006.11.27"]
[EventType "tourn"]
[EventRounds "9"]
[EventCountry "GRE"]
[EventCategory "9"]
[Source "lmi"]
[SourceDate "2006.11.27"]

1. d4 d5 2. c4 c6 3. Nf3 Nf6 4. Nc3 dxc4 5. a4 Bf5 6. e3 e6 7. Bxc4 Bb4 8. O-O
Nbd7 9. Qb3 a5 10. h3 Ne4 11. Rd1 O-O 12. Bd2 Nxd2 13. Rxd2 Bg6 14. Rad1 Qe7
15. Bd3 Bh5 16. Be2 Rfd8 17. Ne1 Bg6 18. Bd3 Bh5 19. Be2 Bg6 20. Bd3 Bh5
1/2-1/2

[Event "56. Grecia ch"]
[Site "Salonica GRE"]
[Date "2006.12.04"]
[Round "8.5"]
[White "Goritsas, Christos"]
[Black "Kotronias, Vasilios"]
[Result "1/2-1/2"]
[WhiteElo "2289"]
[BlackElo "2587"]
[PlyCount "97"]
[EventDate "2006.11.27"]
[EventType "tourn"]
[EventRounds "9"]
[EventCountry "GRE"]
[EventCategory "9"]
[Source "lmi"]
[SourceDate "2006.11.27"]

1. Nf3 Nf6 2. c4 g6 3. Nc3 Bg7 4. e4 d6 5. d4 O-O 6. h3 e5 7. dxe5 dxe5 8. Qxd8
Rxd8 9. Bg5 Na6 10. Nd5 Rd6 11. Bxf6 Bxf6 12. Rc1 c6 13. Nxf6+ Rxf6 14. c5 b6
15. cxb6 axb6 16. Nxe5 Nc5 17. Bc4 Be6 18. O-O Nxe4 19. Bxe6 Rxe6 20. Nxc6 Rxa2
21. Rc2 Rd6 22. f3 Ng3 23. Re1 h5 24. h4 Kg7 25. Ne7 Re6 26. Rxe6 fxe6 27. Kf2
Nf5 28. Nxf5+ gxf5 29. f4 Ra4 30. Ke3 Re4+ 31. Kf3 Rb4 32. Rd2 Kf6 33. Kg3 Ke7
34. Kf3 Rb3+ 35. Kf2 b5 36. Ke2 b4 37. Kf2 e5 38. fxe5 Ke6 39. Re2 f4 40. Re4
Rxb2+ 41. Kf3 b3 42. Rxf4 Kxe5 43. Rb4 Rb1 44. Rb5+ Kd4 45. g4 b2 46. gxh5 Rf1+
47. Kg4 b1=Q 48. Rxb1 Rxb1 49. Kf5 1/2-1/2

[Event "56. Grecia ch"]
[Site "Salonica GRE"]
[Date "2006.12.05"]
[Round "9.1"]
[White "Nikolaidis, Ioannis"]
[Black "Goritsas, Christos"]
[Result "1-0"]
[WhiteElo "2536"]
[BlackElo "2289"]
[PlyCount "123"]
[EventDate "2006.11.27"]
[EventType "tourn"]
[EventRounds "9"]
[EventCountry "GRE"]
[EventCategory "9"]
[Source "lmi"]
[SourceDate "2006.11.27"]

1. d4 Nf6 2. c4 c5 3. d5 e5 4. Nc3 d6 5. e4 Be7 6. Be2 Nbd7 7. Nf3 O-O 8. O-O
Ne8 9. Ne1 Bg5 10. Nd3 g6 11. a3 Ng7 12. b4 b6 13. Nb5 Bxc1 14. Qxc1 Qe7 15. f4
a6 16. Nc3 f5 17. bxc5 bxc5 18. Qd2 Rb8 19. Rae1 Rb3 20. Bd1 Rxa3 21. Qb2 Ra5
22. Ba4 exf4 23. Bxd7 Bxd7 24. e5 dxe5 25. Nxe5 Qd6 26. Rxf4 Re8 27. Nb1 Rb8
28. Qc3 Ra2 29. Rf2 Rxf2 30. Kxf2 Re8 31. Nd2 Bc8 32. Ndf3 Qf6 33. Qe3 Qd6 34.
Qh6 Nh5 35. Nf7 Qf8 36. Rxe8 Qxe8 37. Nd6 Qd8 38. Nxc8 Qxc8 39. Qe3 Nf6 40. Qe7
Ne4+ 41. Ke3 Qf8 42. Qe6+ Kh8 43. g4 Nd6 44. Ng5 Qe8 45. Nf7+ Qxf7 46. Qxd6
fxg4 47. Qxc5 Qf3+ 48. Kd2 Kg8 49. Qc7 Qf2+ 50. Kc3 a5 51. Kb3 Qd2 52. d6 Qd1+
53. Kc3 Qa1+ 54. Kd3 Qb1+ 55. Kd4 Qg1+ 56. Kd5 Qxh2 57. Qd8+ Kg7 58. Qe7+ Kh6
59. d7 g3 60. Qe3+ Kg7 61. d8=Q Qh1+ 62. Kc5 1-0

[Event "56. Grecia ch"]
[Site "Salonica GRE"]
[Date "2006.12.05"]
[Round "9.3"]
[White "Kotronias, Vasilios"]
[Black "Karayannis, Athanasios"]
[Result "1-0"]
[WhiteElo "2587"]
[BlackElo "2361"]
[PlyCount "71"]
[EventDate "2006.11.27"]
[EventType "tourn"]
[EventRounds "9"]
[EventCountry "GRE"]
[EventCategory "9"]
[Source "lmi"]
[SourceDate "2006.11.27"]

1. e4 Nf6 2. e5 Nd5 3. d4 d6 4. c4 Nb6 5. f4 dxe5 6. fxe5 c5 7. d5 e6 8. Nc3
Qh4+ 9. g3 Qd4 10. Qxd4 cxd4 11. Nb5 Na6 12. d6 f6 13. Nf3 Bd7 14. Nbxd4 fxe5
15. Nxe5 Bxd6 16. Nxd7 Kxd7 17. Bh3 Rae8 18. b3 Bb4+ 19. Ke2 Bc3 20. Ba3 Bxa1
21. Rxa1 Nc7 22. Rf1 Re7 23. Nf3 Ke8 24. Ne5 Nc8 25. Bg2 Na6 26. Bxe7 Nxe7 27.
Bxb7 Nc5 28. Bc6+ Nxc6 29. Nxc6 a6 30. Rd1 Kf7 31. Rf1+ Kg6 32. Ne5+ Kh5 33. b4
Na4 34. g4+ Kh4 35. Rg1 Nc3+ 36. Kf2 1-0

[Event "56. Grecia ch"]
[Site "Salonica GRE"]
[Date "2006.12.05"]
[Round "9.4"]
[White "Kapnisis, Spyridon"]
[Black "Skembris, Spyridon"]
[Result "1/2-1/2"]
[WhiteElo "2421"]
[BlackElo "2455"]
[PlyCount "82"]
[EventDate "2006.11.27"]
[EventType "tourn"]
[EventRounds "9"]
[EventCountry "GRE"]
[EventCategory "9"]
[Source "lmi"]
[SourceDate "2006.11.27"]

1. e4 c5 2. Nf3 Nc6 3. d4 cxd4 4. Nxd4 Qb6 5. Nb3 Nf6 6. Nc3 e6 7. Bd3 a6 8.
Be3 Qc7 9. Na4 b5 10. Nb6 Rb8 11. Nxc8 Rxc8 12. a4 Be7 13. axb5 axb5 14. O-O
O-O 15. Nd4 Nxd4 16. Bxd4 Rb8 17. Qe2 e5 18. Ra7 Qd6 19. Be3 Qc6 20. Bg5 Rb6
21. h3 h6 22. Bxf6 Bxf6 23. c3 Rd8 24. Rd1 g6 25. Bc2 b4 26. Ba4 Qc5 27. Rd5
Qf8 28. Rdxd7 Rxd7 29. Rxd7 bxc3 30. bxc3 Qc5 31. Qa2 Be7 32. Bb3 Rf6 33. Rd3
Kg7 34. Bd5 h5 35. Qe2 Qb6 36. Rf3 Bc5 37. Rxf6 Qxf6 38. g3 h4 39. Kg2 hxg3 40.
fxg3 Ba7 41. Qf3 Qe7 1/2-1/2

[Event "56. Grecia ch"]
[Site "Salonica GRE"]
[Date "2006.12.05"]
[Round "9.5"]
[White "Banikas, Hristos"]
[Black "Kotrotsos, Vasilios"]
[Result "1/2-1/2"]
[WhiteElo "2568"]
[BlackElo "2276"]
[PlyCount "128"]
[EventDate "2006.11.27"]
[EventType "tourn"]
[EventRounds "9"]
[EventCountry "GRE"]
[EventCategory "9"]
[Source "lmi"]
[SourceDate "2006.11.27"]

1. d4 Nf6 2. c4 e6 3. Nc3 c5 4. d5 exd5 5. cxd5 d6 6. e4 g6 7. Nge2 Bg7 8. Ng3
O-O 9. Be2 a6 10. a4 Nbd7 11. O-O h5 12. Bg5 Qb6 13. Qd2 Nh7 14. a5 Qc7 15. Be3
h4 16. Nh1 f5 17. f3 Ne5 18. Nf2 Qe7 19. f4 Nf7 20. e5 dxe5 21. Na4 Rd8 22.
Bxc5 Qf6 23. Nb6 Rb8 24. Qb4 Bf8 25. Bxf8 Nxf8 26. fxe5 Qxe5 27. Rae1 Nd7 28.
Bxa6 Qd6 29. Qxd6 Nxd6 30. Bd3 Nxb6 31. axb6 Bd7 32. Re7 Nc8 33. Re5 Nxb6 34.
Nd1 Re8 35. Rxe8+ Rxe8 36. Nc3 Re3 37. Rd1 Kg7 38. Bf1 Kf6 39. d6 Re5 40. Rd4
Ke6 41. Rb4 Nc8 42. Rxb7 Nxd6 43. Rb6 Ke7 44. b4 g5 45. Ra6 Ne4 46. Nxe4 Rxe4
47. Rb6 g4 48. Kf2 f4 49. Be2 Re3 50. Kf1 h3 51. gxh3 Rxh3 52. Rb7 Rxh2 53.
Bxg4 Rd2 54. b5 Kd8 55. Bf3 Rb2 56. b6 Bb5+ 57. Ke1 Ba6 58. Rb8+ Kd7 59. Kd1
Kd6 60. Kc1 Rb3 61. Bd1 Rb4 62. Bf3 Kc5 63. b7 Bxb7 64. Bxb7 Kd6 1/2-1/2

[Event "29. Grecia ch femenino"]
[Site "Atenas GRE"]
[Date "2006.11.25"]
[Round "1.1"]
[White "Pambalou, Fotini"]
[Black "Makka, Ioulia"]
[Result "1-0"]
[WhiteElo "2177"]
[BlackElo "2204"]
[PlyCount "91"]
[EventDate "2006.11.27"]
[EventType "tourn"]
[EventRounds "9"]
[EventCountry "GRE"]
[Source "lmi"]
[SourceDate "2006.11.27"]

1. g3 d5 2. f4 g6 3. Bg2 Bg7 4. Nf3 Nh6 5. O-O O-O 6. d3 d4 7. c3 c5 8. e4 dxe3
9. Bxe3 Qc7 10. Kh1 Rd8 11. Qe2 Bf5 12. Ne1 Ng4 13. Bg1 h5 14. Nd2 Na6 15. Ne4
Rd7 16. Nf3 Nh6 17. Nf2 Rad8 18. Rad1 Nb8 19. Ne4 b6 20. d4 Nc6 21. Ne5 Nxe5
22. dxe5 Bg4 23. Bf3 Bxf3+ 24. Qxf3 Nf5 25. Ng5 Rxd1 26. Rxd1 Bh6 27. Ne4 Kg7
28. Rxd8 Qxd8 29. Qe2 Qd5 30. c4 Qc6 31. Qd3 Kh8 32. Bf2 Bg7 33. Kg1 Qc7 34.
Qd5 f6 35. e6 Nd6 36. Nxd6 exd6 37. Qa8+ Kh7 38. Qe8 Qb7 39. e7 Qe4 40. Qd7
Qb1+ 41. Kg2 Qe4+ 42. Kh3 Qh1 43. e8=N Qf1+ 44. Kh4 g5+ 45. Kxh5 Qe2+ 46. g4
1-0

[Event "29. Grecia ch femenino"]
[Site "Atenas GRE"]
[Date "2006.11.25"]
[Round "1.2"]
[White "Sperdokli, Elli"]
[Black "Fakhiridou, Ekaterini"]
[Result "1/2-1/2"]
[WhiteElo "2111"]
[BlackElo "2285"]
[PlyCount "135"]
[EventDate "2006.11.27"]
[EventType "tourn"]
[EventRounds "9"]
[EventCountry "GRE"]
[Source "lmi"]
[SourceDate "2006.11.27"]

1. e4 c5 2. Nf3 Nc6 3. Bb5 g6 4. Bxc6 dxc6 5. h3 Bg7 6. d3 e5 7. Be3 b6 8. a4
a5 9. Nc3 f6 10. Qd2 Be6 11. Nh2 g5 12. h4 h6 13. Nf1 Qc7 14. Qe2 g4 15. h5 Ne7
16. Ng3 O-O-O 17. O-O-O Kb7 18. Kb1 Qd7 19. Rde1 Nc8 20. Bc1 Nd6 21. Nd1 c4 22.
Ne3 cxd3 23. Qxd3 Qf7 24. Qe2 f5 25. exf5 Nxf5 26. Ngxf5 Bxf5 27. Nxf5 Qxf5 28.
Qe4 Qd7 29. Rh4 Rhf8 30. Be3 Rf5 31. Qxg4 e4 32. Qxe4 Re5 33. Qc4 Qe7 34. Rf4
Rdd5 35. Qb3 c5 36. g4 Bf6 37. Re4 Rxe4 38. Qxd5+ Ka7 39. Rd1 Rxg4 40. Qd7+
Qxd7 41. Rxd7+ Ka6 42. Rd6 Be7 43. Rxh6 Rxa4 44. Re6 Bf8 45. h6 Rh4 46. c3 a4
47. Kc2 Ka5 48. Kd3 b5 49. Bg5 Rh3+ 50. Kd2 a3 51. bxa3 Rh5 52. Bd8+ Ka4 53.
Kc2 Rxh6 54. Rxh6 Bxh6 55. Be7 Kxa3 56. Bxc5+ Ka4 57. Bd6 Ka5 58. f4 Kb6 59. f5
Kc6 60. Be5 Kd5 61. Bh8 Bf8 62. Kb3 Bd6 63. Bg7 Bc5 64. f6 Ke6 65. Kc2 Kf7 66.
Kd3 Ba3 67. Kd4 Bb2 68. Kd3 1/2-1/2

[Event "29. Grecia ch femenino"]
[Site "Atenas GRE"]
[Date "2006.11.25"]
[Round "1.4"]
[White "Makka, Evanthia"]
[Black "Pavlogianni, Despina"]
[Result "1-0"]
[WhiteElo "2076"]
[BlackElo "1951"]
[PlyCount "45"]
[EventDate "2006.11.27"]
[EventType "tourn"]
[EventRounds "9"]
[EventCountry "GRE"]
[Source "lmi"]
[SourceDate "2006.11.27"]

1. d4 Nf6 2. Nf3 g6 3. c3 Bg7 4. Nbd2 d5 5. e3 O-O 6. Bd3 Nbd7 7. O-O Re8 8. e4
dxe4 9. Nxe4 e5 10. Nxf6+ Qxf6 11. Re1 Qd8 12. Bg5 f6 13. Bh4 exd4 14. Bc4+ Kh8
15. Qxd4 g5 16. Bg3 c5 17. Qd6 Bf8 18. Qd5 Bg7 19. Bc7 Rxe1+ 20. Rxe1 Qf8 21.
Bd6 Qd8 22. Be7 Qe8 23. Bxf6 1-0

[Event "29. Grecia ch femenino"]
[Site "Atenas GRE"]
[Date "2006.11.25"]
[Round "1.5"]
[White "Papadopoulou, Vera"]
[Black "Makropoulou, Marina"]
[Result "0-1"]
[WhiteElo "2246"]
[BlackElo "2313"]
[PlyCount "108"]
[EventDate "2006.11.27"]
[EventType "tourn"]
[EventRounds "9"]
[EventCountry "GRE"]
[Source "lmi"]
[SourceDate "2006.11.27"]

1. d4 f5 2. Nf3 d6 3. c4 Nf6 4. Nc3 g6 5. g3 Bg7 6. Bg2 O-O 7. O-O c6 8. Qc2
Qe8 9. b3 Na6 10. Ba3 Rb8 11. b4 Nc7 12. Rac1 Kh8 13. Rfd1 Bh6 14. e3 g5 15.
Qe2 Qh5 16. Ne1 Qf7 17. Rc2 Bd7 18. Bc1 Rbe8 19. d5 Bg7 20. a3 h6 21. f4 e5 22.
fxe5 dxe5 23. dxc6 Bxc6 24. Bxc6 bxc6 25. Qg2 e4 26. Ne2 Ng4 27. h3 Ne5 28. c5
Rd8 29. Nd4 Qg6 30. Kh1 a6 31. Qe2 g4 32. h4 Nf3 33. Bb2 Nd5 34. Ng2 Kh7 35.
Ba1 Be5 36. Qf2 Rfe8 37. Bb2 Qf6 38. Ba1 Rd7 39. Ne1 Red8 40. Nexf3 gxf3 41.
Rcd2 Rg8 42. Nxc6 Bxa1 43. b5 Be5 44. Nxe5 Qxe5 45. c6 Rdd8 46. c7 Qxc7 47.
Rxd5 Rxd5 48. Rxd5 Rxg3 49. Rd7+ Qxd7 50. Qxg3 axb5 51. Qg1 Qg7 52. Qf1 Qg3 53.
h5 Qh4+ 54. Kg1 Qxh5 0-1

[Event "29. Grecia ch femenino"]
[Site "Atenas GRE"]
[Date "2006.11.26"]
[Round "2.1"]
[White "Makropoulou, Marina"]
[Black "Makka, Evanthia"]
[Result "1-0"]
[WhiteElo "2313"]
[BlackElo "2076"]
[PlyCount "63"]
[EventDate "2006.11.27"]
[EventType "tourn"]
[EventRounds "9"]
[EventCountry "GRE"]
[Source "lmi"]
[SourceDate "2006.11.27"]

1. e4 c6 2. d4 d5 3. Nc3 dxe4 4. Nxe4 Nd7 5. Nf3 Ngf6 6. Ned2 e6 7. Nc4 Qc7 8.
g3 Nd5 9. Bg2 b6 10. O-O Bb7 11. Re1 Be7 12. Ng5 h6 13. Ne4 O-O-O 14. a4 a5 15.
c3 Rhe8 16. Qc2 Kb8 17. b4 Ba6 18. Ne3 Nxe3 19. Bxe3 g5 20. bxa5 bxa5 21. c4 f5
22. Rab1+ Bb4 23. Nc3 Nb6 24. c5 Nc4 25. Na2 Nxe3 26. fxe3 Ka7 27. Nxb4 axb4
28. Rxb4 e5 29. Reb1 e4 30. Rb6 Rb8 31. Qc3 Rbd8 32. Qa5 1-0